书目信息 |
| 书名: | The second 100 Chinese characters | |
| 作者: | Alison Matthews; Laurence Matthews | |
| 分册号: | ||
| 分册名: | 出版地: | SINGAPORE |
|
| 出版社: | TUTTLE PUBLISHING | |
| 出版时间: | 2007. | |
| 页数: | 128P | |
| 开本: | 28CM | |
| 丛书名: | ||
| 中图分类号: | ||
| 科图分类号: | ||
| 其他分类号: | H195 | |
| 主题词: | ||
| 电子资源: | ||
| 000 | 00481nam0 2200133 450 | |
| 001 | 202012002048 | |
| 005 | 20121124090105.0 | |
| 008 | 12112401s | |
| 020 | @a9780804838313@c$15.00 | |
| 099 | @dH195@eA414 | |
| 245 | @aThe second 100 Chinese characters@bthe quick and easy method to learn the second 100 basic Chinese characters @cAlison Matthews; Laurence Matthews | |
| 260 | 0 | @aSINGAPORE@bTUTTLE PUBLISHING@c2007. |
| 300 | @a128P@c28CM | |
| 905 | @aTSG@b11920@dH195@eA414 | |
| The second 100 Chinese characters : the quick and easy method to learn the second 100 basic Chinese characters / Alison Matthews; Laurence Matthews.-SINGAPORE : TUTTLE PUBLISHING , 2007. |
| 128P ; 28CM |
| ISBN 9780804838313$15.00 |
| ● |
| 相关链接 |
|
|
|
正题名:The second 100 Chinese characters
索取号:H195/A414
 
预约/预借
| 序号 | 登录号 | 条形码 | 馆藏地/架位号 | 状态 | 备注 |
| 1 | 11920 | 300119208 | 语言库209/209语言库 78排2列5层/ [索取号:H195/A414] | 在馆 |